Seminar on Property Development - Present issues and what lies ahead (1985:July 8-9:Kuala Lumpur) (Working papers)
| Format: | Book |
|---|
MARC
| LEADER | 00000cam a2200000 7i4500 | ||
|---|---|---|---|
| 001 | 0000006453 | ||
| 005 | 20000204.0 | ||
| 040 | |a INS | ||
| 090 | 0 | 0 | |a S17 |
| 245 | 0 | 0 | |a Seminar on Property Development - Present issues and what lies ahead (1985:July 8-9:Kuala Lumpur) (Working papers) |
| 999 | |a S000000056 |b BOOK |c Seminar |e Default branch | ||